Mạch điện

Сохранить в:
Библиографические подробности
Главный автор: Châu, Minh Thuyên
Формат: Sách
Язык:Undetermined
Опубликовано: Đại học Công nghiệp Tp. Hồ Chí Minh 2019
Предметы:
Online-ссылка:https://opac.iuh.edu.vn/TraCuuTaiLieuSo2XemChiTiet.aspx?Id=120208
Метки: Добавить метку
Нет меток, Требуется 1-ая метка записи!
Thư viện lưu trữ: Trung tâm Thư viện - Trường Đại học Công nghiệp TP. Hồ Chí Minh
LEADER 00576nam a2200169Ia 4500
001 UIH_00237
008 230809s9999 xx 000 0 und d
082 |a 621.38132 
100 |a Châu, Minh Thuyên 
245 0 |a Mạch điện 
245 0 |c Châu, Minh Thuyên 
260 |b Đại học Công nghiệp Tp. Hồ Chí Minh 
260 |c 2019 
650 |a Mạch điện; 
856 |u https://opac.iuh.edu.vn/TraCuuTaiLieuSo2XemChiTiet.aspx?Id=120208 
927 |a Sách 
980 |a Trung tâm Thư viện - Trường Đại học Công nghiệp TP. Hồ Chí Minh